| 000 | 01466nam a2200421 i 4500 | ||
|---|---|---|---|
| 001 | 3083 | ||
| 003 | KOSZ 005 | ||
| 005 | 20221230114226.0 | ||
| 008 | 981023s1986 pl a f f |000 0 pol | ||
| 015 | _aPB 1987/5117 | ||
| 040 |
_aWA N _cWA N _dKOSZ 005/HR |
||
| 041 | 0 | _apol | |
| 046 | _k1986 | ||
| 080 | _a658.5 | ||
| 080 | _a(075.8) | ||
| 100 | 1 |
_aSobolewski, Kazimierz _c(ekonomia) _eAutor |
|
| 245 | 1 | 0 |
_aPodstawy organizacji procesu produkcyjnego / _cKazimierz Sobolewski. |
| 260 |
_aKoszalin : _bWydawnictwo Uczelniane WSI, _c1986. |
||
| 300 |
_a200 s. : _brys., wykr. ; _c24 cm. |
||
| 336 |
_2rdacontent _aTekst _btxt |
||
| 337 |
_2rdamedia _aBez urządzenia pośredniczącego _bn |
||
| 338 |
_2rdacarrier _aWolumin _bnc |
||
| 380 | _aKsiążki | ||
| 380 | _aPublikacje dydaktyczne | ||
| 385 |
_mPoziom nauczania _aSzkoły wyższe |
||
| 388 | _a1901-2000 | ||
| 388 | _a1945-1989 | ||
| 490 | 1 | _aSkrypty / Wyższa Szkoła Inżynierska w Koszalinie. | |
| 504 | _aBibliogr. s. 195-197. | ||
| 650 | 4 | _aOrganizacja | |
| 650 | 4 | _aProdukcja | |
| 655 | 4 | _aPodręczniki akademickie | |
| 658 | _aZarządzanie i marketing | ||
| 710 | 2 |
_aWydawnictwo Uczelniane (Wyższa Szkoła Inżynierska ; Koszalin) _4pbl. |
|
| 830 | 0 | _aSkrypty - Wyższa Szkoła Inżynierska w Koszalinie | |
| 856 |
_uhttp://koha.tu.koszalin.pl/cgi-bin/koha/opac-detail.pl?biblionumber=3083 _yKatalog online BPK |
||
| 942 |
_2UKD _cKS |
||
| 999 |
_c3083 _d3083 |
||